| 000 | 01643nam a2200349 i 4500 | ||
|---|---|---|---|
| 003 | DO-SdBNP | ||
| 005 | 20240625152721.0 | ||
| 007 | ta | ||
| 008 | 240625s1998 sp 000 f spa d | ||
| 020 | _a8440685602 | ||
| 040 |
_aDO-SdBNP _bspa _cBNPHU _erda |
||
| 082 | 4 |
_a813.5 _bB812d _222 |
|
| 100 | 1 |
_aBrady, Joan, _d1939- _932520 _eautor |
|
| 240 | 1 | 0 |
_aGod on a harley. _lEspañol |
| 245 | 1 | 0 |
_aDios vuelve en una harley / _cJoan Brady ; traducción, Rosa Arruti. |
| 250 | _anovena edición | ||
| 264 | 1 |
_aBarcelona, España : _bEdiciones B, grupo Z, _c1998. |
|
| 264 | 3 | _c2000. | |
| 300 |
_a172 páginas ; _c18 cm. |
||
| 336 |
_2rdacontent _atexto _btxt |
||
| 337 |
_2rdamedia _asin mediación _bn |
||
| 338 |
_2rdacarrier _avolumen _bnc |
||
| 500 | _aLa biblioteca posee la 2a. reimpresión de febrero 2000. | ||
| 520 | _aCon treinta y siete años y una fgura que no se ajusta a los cánones de belleza, Christine tiene pocas esperanzas de encontrar al hombre con quien compartir su futuro. Lo que no sabe es que Dios ha vuelto a la tierra para entregarle unas simples reglas de vida acordes con nuestro tiempo que harán de ella una mujer distinta y libre. Aunque vista de cuero y cabalgue en una moto, Christine descubre que la felicidad empieza y acaba en ella misma. La singular prosa de Joan Brady hará reír y llorar a los lectores. | ||
| 534 |
_pTítulo original en inglés: _tGod on a harley _c1995 |
||
| 590 | _aInventariado, 2024/ YL | ||
| 650 | 4 |
_aNovela estadounidense _9262 |
|
| 650 | 4 |
_aLiteratura estadounidense _9263 |
|
| 700 | 1 |
_aArruti, Rosa, _etraducción _932521 |
|
| 910 | _aYLockward | ||
| 942 |
_2ddc _cLBS1 |
||
| 999 |
_c56989 _d56989 |
||